|
|
|
|
| LEADER |
007150000a22002050004500 |
| 020 |
|
|
|a 81-7391-241-6
|
| 082 |
|
|
|a 320.95 N81
|
| 100 |
|
|
|a Rameshwar P Sinha; Ed
|
| 100 |
|
|
|a Surya Dandekar; Ed
|
| 245 |
|
|
|a China and Japan in Asian power politics: studies in people power and political development
|
| 260 |
|
|
|a New Delhi, Kanishka Publishers
|
| 260 |
|
|
|c 1998
|
| 490 |
|
|
|a Asian government and politics
|c 4
|
| 650 |
|
|
|a Asia-Political conditions
|
| 650 |
|
|
|a Balance of power
|
| 650 |
|
|
|a China-Foreign policy
|
| 650 |
|
|
|a Japan-Foreign policy
|
| 942 |
|
|
|c BK
|
| 999 |
|
|
|c 18587
|d 18587
|
| 952 |
|
|
|0 0
|1 0
|4 0
|6 320_950000000000000_N81
|7 0
|8 ENG
|9 18399
|a MGUL
|b MGUL
|d 2013-07-16
|l 0
|o 320.95 N81
|p 28683
|r 2013-07-16
|w 2013-07-16
|y BK
|